书目信息 |
| 题名: |
浅论点集拓扑、曲面和微分拓扑
|
|
| 作者: | 杨忠道 著 | |
| 分册: | ||
| 出版信息: | 长沙 湖南教育出版社 1993.04 |
|
| 页数: | 122页 | |
| 开本: | 19cm | |
| 丛书名: | 走向数学丛书 | |
| 单 册: | ||
| 中图分类: | O189.3 | |
| 科图分类: | ||
| 主题词: | 集拓扑--曲面--微分拓扑 | |
| 电子资源: | ||
| ISBN: | 7-5355-1583-5 | |
| 000 | 01101nam 2200277 450 | |
| 001 | 0136287828 | |
| 005 | 20051025100706.69 | |
| 010 | @a7-5355-1583-5@dCNY7.50 | |
| 100 | @a20050203d1993 km y0chiy0120 ea | |
| 101 | 0 | @achi |
| 102 | @aCN@b430000 | |
| 105 | @ay z 000yy | |
| 200 | 1 | @a浅论点集拓扑、曲面和微分拓扑@Aqian lun dian ji tuo pu、qu mian he wei fen tuo pu@f杨忠道著@Fyang zhong dao zhu |
| 210 | @a长沙@c湖南教育出版社@d1993.04 | |
| 215 | @a122页@d19cm | |
| 225 | 2 | @a走向数学丛书@f冯克勤主编 |
| 300 | @a英文题名:A brief introduction to point set topology,surfaces and differential topology; 国家自然科学基金委员会数学天元基金资助 | |
| 314 | @a杨忠道(1923- ),美籍华人教授,现职是南开数学研究所副所长 | |
| 330 | @a论述了点集拓扑、曲面和微分拓扑。 | |
| 410 | 0 | @12001 @a走向数学丛书@1701 0@a冯克勤@Afeng ke qin@4主编 |
| 510 | 1 | @aA brief introduction to point set topology,surfaces and differential topology@zeng |
| 606 | 0 | @a集拓扑@x曲面@x微分拓扑 |
| 690 | @aO189.3@v4 | |
| 701 | 0 | @a杨忠道@Ayang zhong dao@4著 |
| 801 | 0 | @aCN@bQSSK@c20051025 |
| 905 | @a10447@dO189.3@eY330 | |
| 浅论点集拓扑、曲面和微分拓扑/杨忠道著.-长沙:湖南教育出版社,1993.04 |
| 122页;19cm.-(走向数学丛书/冯克勤主编) |
| 英文题名:A brief introduction to point set topology,surfaces and differential topology; 国家自然科学基金委员会数学天元基金资助 |
| ISBN 7-5355-1583-5:CNY7.50 |
| 论述了点集拓扑、曲面和微分拓扑。 |
| ● |
| 相关链接 |
|
|
|
正题名:浅论点集拓扑、曲面和微分拓扑
索取号:O189.3/Y330
 
预约/预借
| 序号 | 登录号 | 条形码 | 馆藏地/架位号 | 状态 | 备注 |
| 1 | 571700 | 205717009 | 自科库401/401自科库 46排1列3层/ [索取号:O189.3/Y330] | 在馆 | |
| 2 | 571701 | 205717018 | 自科库401/401自科库 46排1列3层/ [索取号:O189.3/Y330] | 在馆 | |
| 3 | 571702 | 205717027 | 自科库401/401自科库 46排1列3层/ [索取号:O189.3/Y330] | 在馆 |